[Event "1SM"]
[Site "Sharjah Chess Club"]
[Date "2017.03.23"]
[Round "1.1"]
[White "Neverov, Valeriy"]
[Black "Wojtaszek, Radoslaw"]
[Result "1/2-1/2"]
[BlackElo "2745"]
[WhiteElo "2477"]
[LiveChessVersion "1.4.8"]

1. d4 {[%clk 1:40:57]} Nf6 {[%clk 1:40:55]} 2. Nf3 {[%clk 1:40:26]} d5
{[%clk 1:40:53]} 3. c4 {[%clk 1:40:20]} e6 {[%clk 1:41:17]} 4. Nc3
{[%clk 1:39:46]} Nbd7 {[%clk 1:41:15]} 5. cxd5 {[%clk 1:36:55]} exd5
{[%clk 1:41:36]} 6. Bg5 {[%clk 1:36:52]} Bb4 {[%clk 1:39:29]} 7. Bxf6
{[%clk 1:30:48]} Qxf6 {[%clk 1:37:48]} 8. a3 {[%clk 1:25:43]} Bxc3+
{[%clk 1:37:02]} 9. bxc3 {[%clk 1:26:10]} O-O {[%clk 1:36:20]} 10. e3
{[%clk 1:19:41]} c5 {[%clk 1:36:44]} 11. Bd3 {[%clk 1:19:15]} Qd6
{[%clk 1:33:18]} 12. Qb1 {[%clk 1:13:57]} Nf6 {[%clk 1:27:43]} 13. dxc5
{[%clk 1:14:05]} Qxc5 {[%clk 1:27:23]} 14. Qb4 {[%clk 1:14:21]} Qc7
{[%clk 1:26:55]} 15. O-O {[%clk 1:13:23]} Bd7 {[%clk 1:23:52]} 16. a4
{[%clk 1:07:13]} Rfc8 {[%clk 1:13:01]} 17. Rfc1 {[%clk 1:06:03]} a5
{[%clk 1:13:24]} 18. Qd4 {[%clk 1:04:35]} Qc5 {[%clk 1:08:44]} 19. Ne5
{[%clk 0:58:08]} Qxd4 {[%clk 1:02:05]} 20. exd4 {[%clk 0:58:19]} Be8
{[%clk 1:02:26]} 21. f3 {[%clk 0:49:42]} Rc7 {[%clk 0:57:48]} 22. Kf2
{[%clk 0:49:58]} Nd7 {[%clk 0:58:12]} 23. Nxd7 {[%clk 0:47:12]} Bxd7
{[%clk 0:58:36]} 24. Ke3 {[%clk 0:47:31]} Kf8 {[%clk 0:53:49]} 25. Kd2
{[%clk 0:45:49]} h5 {[%clk 0:51:44]} 26. h4 {[%clk 0:44:07]} Rac8
{[%clk 0:52:00]} 27. Ra3 {[%clk 0:42:00]} Ke7 {[%clk 0:48:43]} 28. Re1+
{[%clk 0:28:41]} Kd6 {[%clk 0:47:15]} 29. Re5 {[%clk 0:28:26]} g6
{[%clk 0:46:47]} 30. Re1 {[%clk 0:26:47]} Re8 {[%clk 0:46:37]} 31. Rxe8
{[%clk 0:26:53]} Bxe8 {[%clk 0:47:02]} 32. Ra1 {[%clk 0:26:14]} f6
{[%clk 0:45:27]} 33. Bc2 {[%clk 0:23:38]} Rg7 {[%clk 0:43:12]} 34. Re1
{[%clk 0:19:41]} Bd7 {[%clk 0:42:17]} 35. Rb1 {[%clk 0:15:44]} g5
{[%clk 0:41:50]} 36. hxg5 {[%clk 0:12:57]} Rxg5 {[%clk 0:41:34]} 37. Rg1
{[%clk 0:13:23]} h4 {[%clk 0:38:48]} 38. Ke3 {[%clk 0:13:40]} Rg8
{[%clk 0:38:43]} 39. Bb3 {[%clk 0:11:33]} b5 {[%clk 0:35:22]} 40. axb5
{[%clk 0:10:42]} Bxb5 {[%clk 0:35:46]} 41. Ra1 {[%clk 0:09:16]} a4
{[%clk 0:35:05]} 42. Bc2 {[%clk 0:09:30]} a3 {[%clk 0:17:02]} 43. Rxa3
{[%clk 0:09:08]} Rxg2 {[%clk 0:17:27]} 44. Bf5 {[%clk 0:08:51]} Bc4
{[%clk 0:10:50]} 45. Ra8 {[%clk 0:07:49]} Rg1 {[%clk 0:09:47]} 46. Rd8+
{[%clk 0:06:48]} Ke7 {[%clk 0:10:12]} 47. Rd7+ {[%clk 0:06:43]} Ke8
{[%clk 0:10:20]} 48. Rh7 {[%clk 0:05:32]} Rc1 {[%clk 0:10:42]} 49. Rxh4
{[%clk 0:04:22]} Rxc3+ {[%clk 0:11:08]} 50. Kf4 {[%clk 0:04:46]} Be2
{[%clk 0:10:55]} 51. Bg4 {[%clk 0:03:51]} Rd3 {[%clk 0:10:56]} 52. Rh8+
{[%clk 0:02:20]} Ke7 {[%clk 0:11:06]} 53. Rh7+ {[%clk 0:02:41]} Ke8
{[%clk 0:09:12]} 54. Rh8+ {[%clk 0:02:46]} Ke7 {[%clk 0:09:32]} 55. Ke4 1/2-1/2

[Event "1SM"]
[Site "Sharjah Chess Club"]
[Date "2017.03.23"]
[Round "1.4"]
[White "Naiditsch, Arkadij"]
[Black "Praggnanandhaa, R"]
[Result "1/2-1/2"]
[BlackElo "2455"]
[WhiteElo "2702"]
[LiveChessVersion "1.4.8"]

1. e4 {[%clk 1:40:56]} e5 {[%clk 1:40:10]} 2. Nf3 {[%clk 1:41:17]} Nc6
{[%clk 1:40:26]} 3. Nc3 {[%clk 1:41:39]} Nf6 {[%clk 1:40:44]} 4. Bb5
{[%clk 1:42:03]} Bd6 {[%clk 1:39:46]} 5. d3 {[%clk 1:41:27]} a6 {[%clk 1:37:31]}
6. Ba4 {[%clk 1:41:27]} O-O {[%clk 1:34:14]} 7. a3 {[%clk 1:41:44]} b5
{[%clk 1:29:08]} 8. Bb3 {[%clk 1:38:49]} Bc5 {[%clk 1:27:42]} 9. h3
{[%clk 1:31:43]} Bb7 {[%clk 1:21:26]} 10. O-O {[%clk 1:25:48]} h6
{[%clk 1:18:01]} 11. Be3 {[%clk 1:22:06]} Nd4 {[%clk 1:10:38]} 12. Nxe5
{[%clk 1:12:26]} Nxb3 {[%clk 1:09:10]} 13. cxb3 {[%clk 1:12:49]} Bxe3
{[%clk 1:08:33]} 14. fxe3 {[%clk 1:13:12]} d5 {[%clk 1:08:40]} 15. exd5
{[%clk 1:10:10]} Nxd5 {[%clk 1:07:23]} 16. Qd2 {[%clk 1:05:23]} Qe7
{[%clk 0:56:18]} 17. d4 {[%clk 0:58:37]} c5 {[%clk 0:53:52]} 18. Rae1
{[%clk 0:58:45]} Rad8 {[%clk 0:48:42]} 19. Nd3 {[%clk 0:52:55]} Nf6
{[%clk 0:40:13]} 20. b4 {[%clk 0:51:42]} cxd4 {[%clk 0:37:49]} 21. exd4
{[%clk 0:52:06]} Qd6 {[%clk 0:35:04]} 22. Nc5 {[%clk 0:52:14]} Bc6
{[%clk 0:33:34]} 23. Rf2 {[%clk 0:39:44]} Rfe8 {[%clk 0:27:14]} 24. Rxe8+
{[%clk 0:39:04]} Rxe8 {[%clk 0:22:29]} 25. Qf4 {[%clk 0:38:51]} Re1+
{[%clk 0:19:39]} 26. Kh2 {[%clk 0:38:52]} Qe7 {[%clk 0:12:32]} 27. Nd3
{[%clk 0:38:11]} Re6 {[%clk 0:12:46]} 28. Qb8+ {[%clk 0:36:35]} Kh7
{[%clk 0:12:03]} 29. Ne5 {[%clk 0:35:06]} Nd7 {[%clk 0:10:35]} 30. Nxc6
{[%clk 0:31:43]} Rxc6 {[%clk 0:10:02]} 31. Qg3 {[%clk 0:31:07]} Re6
{[%clk 0:06:27]} 32. Nd5 {[%clk 0:29:33]} Qf8 {[%clk 0:06:19]} 33. Ne3
{[%clk 0:18:48]} Nf6 {[%clk 0:04:46]} 34. d5 {[%clk 0:18:45]} Re8
{[%clk 0:03:22]} 35. Rf5 {[%clk 0:12:34]} Ne4 {[%clk 0:02:18]} 36. Qf4
{[%clk 0:09:11]} f6 {[%clk 0:02:11]} 37. Ng4 {[%clk 0:09:32]} Qd6
{[%clk 0:01:25]} 38. Qxd6 {[%clk 0:09:15]} Nxd6 {[%clk 0:01:51]} 39. Rf3
{[%clk 0:09:35]} f5 {[%clk 0:00:57]} 40. Nf2 {[%clk 0:08:30]} Re5
{[%clk 0:01:08]} 41. Rd3 {[%clk 0:05:15]} Kg6 {[%clk 0:00:44]} 42. h4
{[%clk 0:04:36]} f4 {[%clk 0:00:33]} 43. Rf3 {[%clk 0:03:54]} Rxd5
{[%clk 0:00:34]} 44. Nd3 {[%clk 0:03:56]} Kh7 {[%clk 0:00:33]} 45. Nxf4
{[%clk 0:04:15]} Rd2 {[%clk 0:00:32]} 46. Rd3 {[%clk 0:02:21]} Rxd3
{[%clk 0:00:41]} 47. Nxd3 {[%clk 0:02:49]} Nc4 {[%clk 0:01:05]} 48. Kg3
{[%clk 0:02:53]} Kg6 {[%clk 0:01:07]} 49. Kf4 {[%clk 0:03:20]} Kh5
{[%clk 0:00:48]} 50. g3 {[%clk 0:03:14]} g5+ {[%clk 0:00:42]} 51. hxg5
{[%clk 0:02:13]} hxg5+ {[%clk 0:01:11]} 52. Kf3 {[%clk 0:02:34]} Nd2+
{[%clk 0:01:09]} 53. Kg2 {[%clk 0:00:48]} Nc4 {[%clk 0:00:55]} 54. Kh3
{[%clk 0:01:16]} g4+ {[%clk 0:00:38]} 55. Kg2 {[%clk 0:01:45]} Kg5
{[%clk 0:00:47]} 56. Kf2 {[%clk 0:02:13]} Kf5 {[%clk 0:00:37]} 57. Ke2
{[%clk 0:02:40]} Ke4 {[%clk 0:00:37]} 58. Nf2+ {[%clk 0:01:39]} Kd4
{[%clk 0:00:39]} 59. Nxg4 {[%clk 0:01:21]} Nxb2 {[%clk 0:01:07]} 60. Ne3
{[%clk 0:01:29]} Nd3 {[%clk 0:01:06]} 61. Kd2 {[%clk 0:00:57]} Ne5
{[%clk 0:00:55]} 62. g4 {[%clk 0:00:51]} Ke4 {[%clk 0:00:43]} 63. Ke2
{[%clk 0:00:42]} Kf4 {[%clk 0:00:44]} 64. Kd2 {[%clk 0:00:38]} Ke4
{[%clk 0:01:07]} 65. Ke2 {[%clk 0:00:38]} Kf4 {[%clk 0:01:31]} 66. Nc2
{[%clk 0:00:43]} Nxg4 {[%clk 0:01:40]} 67. Kd3 {[%clk 0:00:54]} Ke5 68. Ke4+
1/2-1/2

[Event "1SM"]
[Site "Sharjah Chess Club"]
[Date "2017.03.23"]
[Round "1.6"]
[White "Adhiban, B."]
[Black "Swayams, Mishra"]
[Result "1-0"]
[BlackElo "2450"]
[WhiteElo "2682"]
[LiveChessVersion "1.4.8"]

1. d4 {[%clk 1:40:54]} Nf6 {[%clk 1:40:40]} 2. Bg5 {[%clk 1:41:07]} e6
{[%clk 1:35:26]} 3. Nf3 {[%clk 1:39:51]} d5 {[%clk 1:31:32]} 4. e3
{[%clk 1:39:20]} c5 {[%clk 1:30:40]} 5. c3 {[%clk 1:39:18]} h6 {[%clk 1:30:50]}
6. Bh4 {[%clk 1:39:38]} Nc6 {[%clk 1:25:04]} 7. Nbd2 {[%clk 1:39:44]} Qb6
{[%clk 1:20:19]} 8. Rb1 {[%clk 1:37:32]} Be7 {[%clk 1:15:23]} 9. Bd3
{[%clk 1:34:22]} O-O {[%clk 1:10:04]} 10. O-O {[%clk 1:32:22]} Re8
{[%clk 1:00:52]} 11. dxc5 {[%clk 1:22:31]} Qxc5 {[%clk 1:00:24]} 12. b4
{[%clk 1:22:57]} Qd6 {[%clk 0:56:18]} 13. Qe2 {[%clk 1:00:28]} Nh5
{[%clk 0:37:56]} 14. Bxe7 {[%clk 0:45:05]} Qxe7 {[%clk 0:35:30]} 15. b5
{[%clk 0:40:42]} Na5 {[%clk 0:35:12]} 16. Ne5 {[%clk 0:40:43]} Nf6
{[%clk 0:34:39]} 17. f4 {[%clk 0:41:08]} b6 {[%clk 0:31:12]} 18. g4
{[%clk 0:30:50]} Nd7 {[%clk 0:30:24]} 19. Ndf3 {[%clk 0:30:43]} Nxe5
{[%clk 0:28:35]} 20. Nxe5 {[%clk 0:30:36]} Bb7 {[%clk 0:27:59]} 21. g5
{[%clk 0:28:57]} Nc4 {[%clk 0:23:35]} 22. Bxc4 {[%clk 0:24:54]} dxc4
{[%clk 0:22:33]} 23. gxh6 {[%clk 0:25:23]} gxh6 {[%clk 0:18:29]} 24. Qh5
{[%clk 0:23:56]} f6 {[%clk 0:12:11]} 25. Kf2 {[%clk 0:23:19]} Be4
{[%clk 0:09:47]} 26. Qxh6 {[%clk 0:21:16]} 1-0

[Event "1SM"]
[Site "Sharjah Chess Club"]
[Date "2017.03.23"]
[Round "1.7"]
[White "Pascua, Haridas"]
[Black "Areshchenko, Alexander"]
[Result "1/2-1/2"]
[BlackElo "2682"]
[WhiteElo "2440"]
[LiveChessVersion "1.4.8"]

1. d4 {[%clk 1:40:45]} d6 {[%clk 1:40:11]} 2. c4 {[%clk 1:39:39]} e5
{[%clk 1:40:22]} 3. Nf3 {[%clk 1:38:02]} e4 {[%clk 1:38:45]} 4. Ng5
{[%clk 1:37:55]} f5 {[%clk 1:38:47]} 5. g3 {[%clk 1:38:10]} Be7 {[%clk 1:35:56]}
6. Nh3 {[%clk 1:38:15]} c6 {[%clk 1:34:58]} 7. Nc3 {[%clk 1:37:48]} Nf6
{[%clk 1:34:43]} 8. d5 {[%clk 1:36:52]} Nbd7 {[%clk 1:26:58]} 9. Bg2
{[%clk 1:35:04]} Ne5 {[%clk 1:21:30]} 10. b3 {[%clk 1:35:02]} O-O
{[%clk 1:16:19]} 11. O-O {[%clk 1:33:35]} Re8 {[%clk 1:11:47]} 12. Kh1
{[%clk 1:26:22]} Bf8 {[%clk 1:08:55]} 13. f3 {[%clk 1:24:17]} exf3
{[%clk 1:08:31]} 14. exf3 {[%clk 1:24:41]} c5 {[%clk 1:05:38]} 15. Nf4
{[%clk 1:12:56]} Qe7 {[%clk 0:55:55]} 16. Qc2 {[%clk 1:07:21]} Qf7
{[%clk 0:52:58]} 17. Bd2 {[%clk 1:04:17]} Bd7 {[%clk 0:43:11]} 18. Rae1
{[%clk 0:58:25]} g6 {[%clk 0:36:00]} 19. Ne6 {[%clk 0:48:20]} Bxe6
{[%clk 0:34:31]} 20. dxe6 {[%clk 0:48:44]} Rxe6 {[%clk 0:34:54]} 21. f4
{[%clk 0:48:41]} Nc6 {[%clk 0:28:22]} 22. Rxe6 {[%clk 0:46:39]} Qxe6
{[%clk 0:28:47]} 23. Bd5 {[%clk 0:46:19]} Nxd5 {[%clk 0:29:11]} 24. cxd5
{[%clk 0:46:43]} Nb4 {[%clk 0:18:47]} 25. dxe6 {[%clk 0:46:53]} Nxc2
{[%clk 0:19:12]} 26. Nd5 {[%clk 0:47:17]} Bg7 {[%clk 0:18:23]} 27. Rc1
{[%clk 0:37:58]} Nd4 {[%clk 0:18:46]} 28. Nc7 {[%clk 0:38:18]} Rc8
{[%clk 0:18:52]} 29. e7 {[%clk 0:38:42]} Kf7 {[%clk 0:19:11]} 30. Re1
{[%clk 0:34:10]} Re8 {[%clk 0:17:24]} 31. Nxe8 {[%clk 0:34:34]} Kxe8
{[%clk 0:17:52]} 32. Bc3 {[%clk 0:28:27]} Nc2 {[%clk 0:16:31]} 33. Re2
{[%clk 0:28:21]} Bxc3 {[%clk 0:16:54]} 34. Rxc2 {[%clk 0:28:47]} Bf6
{[%clk 0:17:03]} 35. Kg2 {[%clk 0:27:46]} Kxe7 {[%clk 0:07:15]} 36. Kf3
{[%clk 0:23:58]} b5 {[%clk 0:07:38]} 37. h3 {[%clk 0:16:48]} h5 {[%clk 0:07:20]}
38. g4 {[%clk 0:16:09]} hxg4+ {[%clk 0:06:30]} 39. hxg4 {[%clk 0:16:35]} fxg4+
{[%clk 0:05:13]} 40. Kxg4 {[%clk 0:17:00]} a5 {[%clk 0:05:10]} 41. Kf3
{[%clk 0:13:11]} Ke6 {[%clk 0:00:59]} 42. Re2+ {[%clk 0:11:40]} Kf5
{[%clk 0:01:21]} 43. Re8 {[%clk 0:07:37]} g5 {[%clk 0:01:47]} 44. fxg5
{[%clk 0:07:07]} Bxg5 {[%clk 0:02:13]} 45. Rb8 {[%clk 0:05:10]} b4
{[%clk 0:02:18]} 46. Re8 {[%clk 0:04:27]} d5 {[%clk 0:01:25]} 47. Rc8
{[%clk 0:03:37]} Be7 {[%clk 0:01:12]} 48. Ke3 {[%clk 0:02:33]} Ke6
{[%clk 0:00:48]} 49. Ra8 {[%clk 0:01:56]} Ke5 {[%clk 0:00:34]} 50. Rxa5
{[%clk 0:02:09]} Bg5+ {[%clk 0:00:58]} 51. Kd3 {[%clk 0:02:35]} Be7
{[%clk 0:01:25]} 52. Ra6 {[%clk 0:02:48]} Bd6 {[%clk 0:01:21]} 53. Ra7
{[%clk 0:02:59]} Ke6 {[%clk 0:01:32]} 54. Ra8 {[%clk 0:03:13]} Be5
{[%clk 0:00:38]} 55. Rg8 {[%clk 0:03:01]} Bd4 {[%clk 0:00:32]} 56. Rg6+
{[%clk 0:02:33]} Bf6 {[%clk 0:00:42]} 57. Rh6 {[%clk 0:02:02]} Ke5
{[%clk 0:00:41]} 58. Rh7 {[%clk 0:01:45]} Ke6 {[%clk 0:01:03]} 59. Rh6
{[%clk 0:01:37]} Ke5 {[%clk 0:01:28]} 60. Rh7 1/2-1/2

[Event "1SM"]
[Site "Sharjah Chess Club"]
[Date "2017.03.23"]
[Round "1.8"]
[White "Safarli, Eltaj"]
[Black "Shyaamnikhil, P"]
[Result "1/2-1/2"]
[BlackElo "2440"]
[WhiteElo "2680"]
[LiveChessVersion "1.4.8"]

1. e4 {[%clk 1:40:55]} e5 {[%clk 1:36:26]} 2. Nf3 {[%clk 1:39:43]} Nc6
{[%clk 1:36:48]} 3. Bb5 {[%clk 1:40:08]} a6 {[%clk 1:35:52]} 4. Ba4
{[%clk 1:40:30]} Nf6 {[%clk 1:35:38]} 5. O-O {[%clk 1:40:33]} Be7
{[%clk 1:33:09]} 6. Re1 {[%clk 1:40:22]} b5 {[%clk 1:32:46]} 7. Bb3
{[%clk 1:40:45]} O-O {[%clk 1:32:37]} 8. a4 {[%clk 1:40:05]} b4 {[%clk 1:29:53]}
9. d4 {[%clk 1:38:17]} d6 {[%clk 1:30:09]} 10. dxe5 {[%clk 1:34:54]} dxe5
{[%clk 1:30:30]} 11. Nbd2 {[%clk 1:34:48]} Bc5 {[%clk 1:26:29]} 12. h3
{[%clk 1:33:21]} Na5 {[%clk 1:16:18]} 13. Ba2 {[%clk 1:29:07]} Qd6
{[%clk 1:11:55]} 14. Qe2 {[%clk 1:25:30]} Bb7 {[%clk 1:08:17]} 15. Nh2
{[%clk 0:56:52]} Kh8 {[%clk 0:58:44]} 16. Nhf1 {[%clk 0:53:24]} Qc6
{[%clk 0:53:08]} 17. Bb1 {[%clk 0:49:24]} Ne8 {[%clk 0:37:57]} 18. Nf3
{[%clk 0:44:04]} f6 {[%clk 0:37:42]} 19. Ng3 {[%clk 0:38:17]} Nd6
{[%clk 0:36:38]} 20. h4 {[%clk 0:32:31]} Rae8 {[%clk 0:29:31]} 21. Be3
{[%clk 0:28:31]} Bxe3 {[%clk 0:22:35]} 22. Qxe3 {[%clk 0:28:26]} Qb6
{[%clk 0:20:57]} 23. Qxb6 {[%clk 0:23:53]} cxb6 {[%clk 0:21:20]} 24. Ba2
{[%clk 0:24:18]} Bc6 {[%clk 0:14:21]} 25. Rad1 {[%clk 0:19:32]} Rd8
{[%clk 0:13:45]} 26. Bb3 {[%clk 0:17:44]} Nxb3 {[%clk 0:10:05]} 27. cxb3
{[%clk 0:18:10]} Nb7 {[%clk 0:10:10]} 28. Rc1 {[%clk 0:14:41]} Na5
{[%clk 0:08:21]} 29. Re3 {[%clk 0:13:46]} Bd7 {[%clk 0:07:40]} 30. Nf1
{[%clk 0:09:40]} Be6 {[%clk 0:07:21]} 31. N1d2 {[%clk 0:10:03]} 1/2-1/2

[Event "1SM"]
[Site "Sharjah Chess Club"]
[Date "2017.03.23"]
[Round "1.9"]
[White "Nitin, S."]
[Black "Anton Guijarro, David"]
[Result "1/2-1/2"]
[BlackElo "2676"]
[WhiteElo "2432"]
[LiveChessVersion "1.4.8"]

1. e4 {[%clk 1:40:25]} c6 {[%clk 1:39:39]} 2. d4 {[%clk 1:40:25]} d5
{[%clk 1:40:03]} 3. Nc3 {[%clk 1:40:17]} dxe4 {[%clk 1:39:59]} 4. Nxe4
{[%clk 1:40:39]} Bf5 {[%clk 1:40:02]} 5. Ng3 {[%clk 1:41:01]} Bg6
{[%clk 1:40:26]} 6. N1e2 {[%clk 1:41:10]} e5 {[%clk 1:27:38]} 7. dxe5
{[%clk 1:36:22]} Qxd1+ {[%clk 1:27:47]} 8. Kxd1 {[%clk 1:36:44]} Nd7
{[%clk 1:28:00]} 9. e6 {[%clk 1:21:03]} fxe6 {[%clk 1:25:53]} 10. Nf4
{[%clk 1:20:57]} Bf7 {[%clk 1:24:55]} 11. Bc4 {[%clk 1:21:08]} Nc5
{[%clk 1:16:27]} 12. Be3 {[%clk 1:16:46]} e5 {[%clk 0:56:24]} 13. Bxf7+
{[%clk 1:06:49]} Kxf7 {[%clk 0:56:50]} 14. Nh3 {[%clk 1:05:31]} h6
{[%clk 0:56:52]} 15. Bxc5 {[%clk 1:04:57]} Bxc5 {[%clk 0:57:10]} 16. Ne4
{[%clk 1:05:23]} Bb6 {[%clk 0:56:01]} 17. c3 {[%clk 0:57:54]} Nf6
{[%clk 0:53:08]} 18. Re1 {[%clk 0:58:00]} Rad8+ {[%clk 0:50:25]} 19. Kc2
{[%clk 0:57:47]} Rhf8 {[%clk 0:39:12]} 20. Re2 {[%clk 0:50:04]} Rd5
{[%clk 0:38:40]} 21. f3 {[%clk 0:45:34]} Rfd8 {[%clk 0:35:58]} 22. Nhf2
{[%clk 0:42:39]} Nh5 {[%clk 0:34:52]} 23. g3 {[%clk 0:42:04]} Nf6
{[%clk 0:32:53]} 24. Rf1 {[%clk 0:41:06]} Kg6 {[%clk 0:31:47]} 25. Ng4
{[%clk 0:33:10]} Rf8 {[%clk 0:24:21]} 26. Ngf2 {[%clk 0:30:21]} Kh7
{[%clk 0:18:45]} 27. Nd3 {[%clk 0:27:48]} Ng4 {[%clk 0:17:42]} 28. c4
{[%clk 0:26:41]} Rd7 {[%clk 0:14:22]} 29. c5 {[%clk 0:23:58]} Bc7
{[%clk 0:14:47]} 30. Nd2 {[%clk 0:19:45]} Nf6 {[%clk 0:13:14]} 31. Nxe5
{[%clk 0:18:23]} Re7 {[%clk 0:11:05]} 32. f4 {[%clk 0:17:12]} Nd5
{[%clk 0:06:42]} 33. Ndc4 {[%clk 0:14:59]} Nb4+ {[%clk 0:04:41]} 34. Kc3
{[%clk 0:13:57]} Nd5+ {[%clk 0:05:07]} 35. Kc2 {[%clk 0:14:12]} Nb4+
{[%clk 0:05:34]} 36. Kc3 {[%clk 0:14:35]} Nd5+ {[%clk 0:05:59]} 37. Kc2
{[%clk 0:14:44]} 1/2-1/2

[Event "1SM"]
[Site "Sharjah Chess Club"]
[Date "2017.03.23"]
[Round "1.10"]
[White "Jones, Gawain C B"]
[Black "Abdumalik, Zhansaya"]
[Result "1-0"]
[BlackElo "2430"]
[WhiteElo "2676"]
[LiveChessVersion "1.4.8"]

1. e4 {[%clk 1:40:44]} e5 {[%clk 1:40:40]} 2. Nf3 {[%clk 1:41:04]} Nc6
{[%clk 1:41:08]} 3. d4 {[%clk 1:41:26]} exd4 {[%clk 1:41:17]} 4. Nxd4
{[%clk 1:41:49]} Nf6 {[%clk 1:40:57]} 5. Nxc6 {[%clk 1:42:10]} bxc6
{[%clk 1:41:22]} 6. e5 {[%clk 1:42:28]} Qe7 {[%clk 1:41:50]} 7. Qe2
{[%clk 1:42:51]} Nd5 {[%clk 1:41:52]} 8. c4 {[%clk 1:43:14]} Nb6 {[%clk 1:41:07]}
9. Nc3 {[%clk 1:40:00]} Bb7 {[%clk 1:37:35]} 10. Bd2 {[%clk 1:35:47]} O-O-O
{[%clk 1:33:40]} 11. O-O-O {[%clk 1:35:18]} Qe6 {[%clk 1:26:24]} 12. f4
{[%clk 1:26:43]} d5 {[%clk 1:18:45]} 13. exd6 {[%clk 1:21:24]} cxd6
{[%clk 1:16:05]} 14. Qxe6+ {[%clk 1:14:47]} fxe6 {[%clk 1:16:24]} 15. Be2
{[%clk 1:13:20]} d5 {[%clk 1:10:06]} 16. Rhe1 {[%clk 1:11:51]} h5
{[%clk 1:05:26]} 17. Bd3 {[%clk 1:05:33]} Nd7 {[%clk 0:58:29]} 18. Na4
{[%clk 1:02:49]} Nf6 {[%clk 0:39:10]} 19. Rxe6 {[%clk 0:53:46]} dxc4
{[%clk 0:37:31]} 20. Bxc4 {[%clk 0:53:33]} Rd4 {[%clk 0:32:07]} 21. Bb3
{[%clk 0:52:46]} Bd6 {[%clk 0:29:40]} 22. Be3 {[%clk 0:46:32]} Rxd1+
{[%clk 0:28:55]} 23. Bxd1 {[%clk 0:46:54]} Kc7 {[%clk 0:23:12]} 24. Bxa7
{[%clk 0:42:25]} Bxf4+ {[%clk 0:21:04]} 25. Be3 {[%clk 0:42:15]} Bd6
{[%clk 0:19:37]} 26. Bb3 {[%clk 0:34:17]} Nd5 {[%clk 0:13:58]} 27. Bxd5
{[%clk 0:28:04]} cxd5 {[%clk 0:14:23]} 28. Rg6 {[%clk 0:28:24]} Be5
{[%clk 0:09:30]} 29. Nc5 {[%clk 0:26:58]} Re8 {[%clk 0:05:36]} 30. Nxb7
{[%clk 0:19:15]} Kxb7 {[%clk 0:06:05]} 31. Kd2 {[%clk 0:19:32]} Ra8
{[%clk 0:03:28]} 32. Re6 {[%clk 0:19:14]} Bxh2 {[%clk 0:03:05]} 33. a3
{[%clk 0:19:23]} Rc8 {[%clk 0:02:49]} 34. Kd3 {[%clk 0:18:39]} Rc6
{[%clk 0:02:04]} 35. Re7+ {[%clk 0:18:58]} Rc7 {[%clk 0:02:31]} 36. Re8
{[%clk 0:19:13]} Rd7 {[%clk 0:02:05]} 37. b4 {[%clk 0:17:43]} Bc7
{[%clk 0:01:41]} 38. a4 {[%clk 0:17:01]} Bb6 {[%clk 0:00:42]} 39. Bd2
{[%clk 0:16:31]} Bc7 {[%clk 0:00:40]} 40. b5 {[%clk 0:15:14]} Kb6
{[%clk 0:00:47]} 41. Re6+ {[%clk 0:15:19]} Kb7 {[%clk 0:00:47]} 42. a5
{[%clk 0:15:12]} d4 {[%clk 0:01:10]} 43. Bb4 {[%clk 0:15:04]} Rd5
{[%clk 0:00:43]} 44. a6+ {[%clk 0:14:35]} Kb8 {[%clk 0:00:40]} 45. b6
{[%clk 0:14:43]} Bd8 {[%clk 0:00:57]} 46. Rd6 {[%clk 0:14:42]} 1-0

[Event "1SM"]
[Site "Sharjah Chess Club"]
[Date "2017.03.23"]
[Round "1.11"]
[White "Abdusattorov, Nodirbek"]
[Black "Akopian, Vladimir"]
[Result "1/2-1/2"]
[BlackElo "2675"]
[WhiteElo "2429"]
[LiveChessVersion "1.4.8"]

1. e4 {[%clk 1:40:45]} c5 {[%clk 1:39:13]} 2. Nf3 {[%clk 1:40:50]} e6
{[%clk 1:39:35]} 3. g3 {[%clk 1:40:32]} d6 {[%clk 1:38:32]} 4. Bg2
{[%clk 1:39:25]} Nf6 {[%clk 1:38:56]} 5. d3 {[%clk 1:33:37]} Nc6 {[%clk 1:38:50]}
6. O-O {[%clk 1:31:29]} Be7 {[%clk 1:39:12]} 7. Nbd2 {[%clk 1:26:31]} O-O
{[%clk 1:39:22]} 8. Re1 {[%clk 1:25:41]} Qc7 {[%clk 1:38:06]} 9. c3
{[%clk 1:23:00]} b6 {[%clk 1:36:16]} 10. a3 {[%clk 1:17:20]} Ba6 {[%clk 1:33:47]}
11. Nf1 {[%clk 1:01:29]} Ne5 {[%clk 1:31:27]} 12. d4 {[%clk 0:58:32]} cxd4
{[%clk 1:26:31]} 13. cxd4 {[%clk 0:58:52]} Nd3 {[%clk 1:25:31]} 14. Re3
{[%clk 0:56:46]} Nxc1 {[%clk 1:23:59]} 15. Rxc1 {[%clk 0:57:15]} Qd7
{[%clk 1:24:22]} 16. N3d2 {[%clk 0:55:04]} Rac8 {[%clk 1:21:50]} 17. Rec3
{[%clk 0:53:18]} Rxc3 {[%clk 1:20:46]} 18. Rxc3 {[%clk 0:53:42]} Rc8
{[%clk 1:21:12]} 19. Qc2 {[%clk 0:50:34]} Rxc3 {[%clk 1:16:52]} 20. Qxc3
{[%clk 0:50:53]} Qc8 {[%clk 1:17:03]} 21. Qxc8+ {[%clk 0:49:02]} Bxc8
{[%clk 1:17:28]} 22. Ne3 {[%clk 0:49:19]} Kf8 {[%clk 1:15:57]} 23. Bf1
{[%clk 0:46:11]} Bb7 {[%clk 1:09:42]} 24. f3 {[%clk 0:44:02]} Nd7
{[%clk 1:09:07]} 25. Kf2 {[%clk 0:42:42]} Bf6 {[%clk 1:07:20]} 26. Nc2
{[%clk 0:41:23]} g6 {[%clk 1:02:40]} 27. Nb1 {[%clk 0:35:23]} Ke7
{[%clk 0:58:13]} 28. Nc3 {[%clk 0:34:33]} Bg7 {[%clk 0:58:34]} 29. Bd3
{[%clk 0:29:22]} f5 {[%clk 0:56:43]} 30. Ke2 {[%clk 0:28:01]} fxe4
{[%clk 0:54:45]} 31. fxe4 {[%clk 0:28:20]} Nb8 {[%clk 0:54:01]} 32. b4
{[%clk 0:22:28]} Nc6 {[%clk 0:50:59]} 33. Ke3 {[%clk 0:22:19]} Bh6+
{[%clk 0:47:45]} 34. Ke2 {[%clk 0:21:53]} Bc1 {[%clk 0:46:56]} 35. Kd1
{[%clk 0:20:05]} Bg5 {[%clk 0:46:20]} 36. Ke2 {[%clk 0:20:15]} Bh6
{[%clk 0:45:10]} 37. Bc4 {[%clk 0:19:16]} Bg7 {[%clk 0:44:27]} 38. Ke3
{[%clk 0:18:47]} Bc8 {[%clk 0:42:13]} 39. b5 {[%clk 0:17:55]} Na5
{[%clk 0:40:32]} 40. Ba2 {[%clk 0:17:43]} a6 {[%clk 0:36:30]} 41. a4
{[%clk 0:17:47]} axb5 {[%clk 0:35:17]} 42. axb5 {[%clk 0:18:11]} Bd7
{[%clk 0:34:28]} 43. Nb4 {[%clk 0:18:10]} Kd8 {[%clk 0:26:05]} 44. Kd3
{[%clk 0:15:41]} Kc7 {[%clk 0:24:11]} 45. Na6+ {[%clk 0:15:17]} Kc8
{[%clk 0:23:53]} 46. Nb4 {[%clk 0:15:36]} Nb7 {[%clk 0:21:38]} 47. Bc4
{[%clk 0:15:25]} Na5 {[%clk 0:19:10]} 48. Ba2 {[%clk 0:15:50]} Kd8
{[%clk 0:18:27]} 49. Ke3 {[%clk 0:15:18]} Bf8 {[%clk 0:15:53]} 50. Nc6+
{[%clk 0:13:35]} Nxc6 {[%clk 0:13:46]} 51. bxc6 {[%clk 0:14:00]} Bxc6
{[%clk 0:14:11]} 52. Bxe6 {[%clk 0:14:21]} Bg7 {[%clk 0:13:10]} 53. Nd5
{[%clk 0:14:10]} Bxd5 {[%clk 0:10:16]} 54. Bxd5 {[%clk 0:14:27]} b5
{[%clk 0:09:20]} 1/2-1/2